| 000 | 00566nam a2200181Ia 4500 | ||
|---|---|---|---|
| 008 | 090630s9999 xx 000 0 und d | ||
| 082 | _b9649 | ||
| 100 | _aसाठे माया. | ||
| 245 |
_aपाटलाचा वाडा. _cसाठे माया. |
||
| 260 |
_bप्रिया. _c1989 |
||
| 300 | _a178 | ||
| 600 | _aसाठे माया. | ||
| 630 | _aपाटलाचा वाडा. | ||
| 655 | _aकादंबरी. | ||
| 700 | _aसाठे माया. | ||
| 730 | _aपाटलाचा वाडा. | ||
| 942 | _cBOOK | ||
| 999 |
_c261505 _d261505 |
||